| 000 | 02560nam a2200301 a 4500 | ||
|---|---|---|---|
| 001 | BRCA_2360 | ||
| 005 | 20190320203755.0 | ||
| 008 | 051108s1871----sp-#---###---#000-0#spa-u | ||
| 041 | _aspa | ||
| 044 | _asp | ||
| 084 |
_a001 _b.L67 _c1871 F1605 |
||
| 100 | 1 |
_aCervantes Saavedra, Miguel de _d1547-1616 _9213 |
|
| 130 | 0 |
_aEl Ingenioso Hidalgo Don Quijote de la Mancha _97075 |
|
| 245 | 1 | 0 |
_aLa primera edición del Ingenioso Hidalgo Don Quijote de la Mancha _ccompuesto por Miguel de Cervantes Saavedra. |
| 260 |
_aBarcelona _bFrancisco López Fabra _c1871 |
||
| 300 |
_a1 v. (en varias paginaciones) _c29 cm. |
||
| 500 | _aContenido : Portada con el escudo y el lema ´Post tenebras spero lucem´. Tasa. Testimonio de erratas. Privilegio. Dedicatoria del autor al Duque de Béjar. Prólogo del autor. Versos preliminares. Texto | ||
| 500 | _aFacsímil de : El ingenioso hidalgo Don Quixote de la Mancha. Madrid: Juan de la Cuesta, 1605 | ||
| 500 | _aPrimer facsímil de la primera parte de la edición príncipe, elaborado por Francisco López Fabra, en Barcelona, durante los años de 1871-73. En la portada lleva el escudo con el mote: Post tenebras spero lucem. Texto con centenares de erratas, especialmente errores de puntuación. Falta, además, el episodio del robo del rucio. Privilegio para Castilla únicamente. La licencia real fechada en Valladolid, a 26 de septiembre de 1604. Su existencia se ignoró cerca de dos siglos durante los cuales todas las ediciones posteriores - salvo las de Lisboa - siguieron el texto de la segunda edición de Cuesta. Su desaparición rápida y casi completa - en todo el mundo quedan solo siete ó nueve ejemplares - la ha explicado documentalmente Rodríguez Marín, uno de los más destacados cervantistas españoles por lo que toca a letra de la obra y minucias históricas de la época cervantina, quien la tribuye al envío a América de la mayor parte de la tirada, confiscada y destruida por la Inquisición. Bonito ejemplar. La encuadernación en pergamino, ricamente adornada con florones y filetes dorados en lomo y planos, demuestra el exquisito gusto y alta estima de esta edición por parte del Sr. Franz Mayer Lúdovik Osterc | ||
| 500 | _aQM117 | ||
| 650 | 1 | 4 |
_aNovela española _yÉpoca clásica, 1500-1700 _9215 |
| 650 | 1 | 4 |
_aLiteratura española _yÉpoca clásica, 1500-1700 _9216 |
| 650 | 1 | 4 |
_aNovela española _ySiglo XVII _9217 |
| 650 | 1 | 4 |
_aDon Quijote (Personaje ficticio) _eNovela _9218 |
| 740 | 0 | _aEl Ingenioso Hidalgo Don Quijote de la Mancha | |
| 902 | _aQFM | ||
| 942 |
_2lcc _cB |
||
| 999 |
_c2101 _d2101 |
||